AAP general news wire

Bibliographic Details
Format: Electronic Journal
Language:English
Published: Sydney, N.S.W. : Australian Associated Press
Subjects:
Online Access:Full text available from Research Library: 11/24/2004 to present

MARC

LEADER 00000nas a2200000 a 4500
001 ssj0000858288
003 WaSeSS
005 20200512172242.0
006 m d
007 cr n
008 130315c20uu9999xnam| p|s|||||| |0eng d
035 |a (WaSeSS)ssj0000858288 
040 |a WaSeSS  |c WaSeSS  |d WaSeSS 
043 |a u-at--- 
050 4 |a PN4714.A1 
245 0 0 |a AAP general news wire  |h [electronic resource]. 
260 |a Sydney, N.S.W. :  |b Australian Associated Press 
310 |a Monthly 
506 |a License restrictions may limit access. 
588 |a Description based on: Nov. 24, 2004; title from title screen (ProQuest, viewed March 14, 2013). 
588 |a Latest issue consulted: Mar. 14, 2013 (viewed March 14, 2013). 
650 0 |a News agencies  |z Australia  |v Periodicals. 
655 0 |a Electronic journals. 
856 4 0 |z Full text available from Research Library: 11/24/2004 to present  |u https://search.proquest.com/publication/28169